000 00393nam a2200145Ia 4500
008 230917s9999||||xx |||||||||||||| ||und||
040 _e42688
_aMAIN
041 _aEnglish
082 _a942 S57B
100 _aSlymour, William
245 0 _aBattles in Britain and their political background, 1066- 1547. V1
260 _aLondon
_bSidgwick & Jackson
_c1975
300 _a232 p.
942 _cBK
999 _c218973
_d218973